| 000 | 00973nam a2200277Ia 4500 | ||
|---|---|---|---|
| 003 | OSt | ||
| 005 | 20221005104941.0 | ||
| 006 | a|||||r|||| 00| 0 | ||
| 007 | ta | ||
| 008 | 221004b |||||||| |||| 00| 0 hin d | ||
| 020 |
_a9788191077353 (hbk) _cIndian Rupees 450 |
||
| 024 | _a41092 | ||
| 037 |
_bGift, 09/01/2019, _cTextual |
||
| 040 |
_aCRL _cCRL _bhin |
||
| 041 |
_2hin _ahin |
||
| 082 | _aO152:g, Q1 | ||
| 100 | _aमधुरेश, ले. | ||
| 245 | 0 |
_aआलोचना _b प्रतिवाद की संस्कृति |
|
| 246 | _aĀlochanā: prativād kī sanskṛuti | ||
| 260 |
_aदिल्ली _bस्वराज प्रकाशन भारत _c2011 |
||
| 300 |
_a226पृ0 _ccm. |
||
| 650 | _a हिन्दी आलोचना | ||
| 650 | _aहिन्दी साहित्य | ||
| 942 |
_hO152:g, Q1 _cTEXL _2cc |
||
| 999 |
_c1014290 _d1014290 |
||